Loading...
History - American History | 0 | 3 | 2 | 0 | 20 | 107 | 113.67 | 1 | 3 |
History - European History | 0 | 2 | 0 | 0 | 20 | 126 | 129.00 | 0 | 2 |
Religion | 1 | 1 | 1 | 0 | 20 | 69 | 95.00 | 1 | 2 |
Current Events | 1 | 0 | 0 | 0 | 15 | 51 | 51.00 | 1 | 1 |
Literature - British Literature | 0 | 1 | 0 | 0 | 10 | 135 | 135.00 | 0 | 1 |
Literature - European Literature | 0 | 1 | 0 | 0 | 10 | 142 | 142.00 | 0 | 1 |
Literature - World Literature | 0 | 1 | 0 | 0 | 10 | 148 | 148.00 | 0 | 1 |
Other Academic | 0 | 1 | 0 | 0 | 10 | 124 | 124.00 | 1 | 1 |
Science - Physics | 0 | 1 | 0 | 0 | 10 | 123 | 123.00 | 0 | 1 |
Social Science | 0 | 1 | 0 | 1 | 10 | 122 | 122.00 | 0 | 1 |
Fine Arts - Auditory Fine Arts | 0 | 1 | 0 | 0 | 10 | 153 | 153.00 | 0 | 1 |
History - Other History | 0 | 1 | 0 | 0 | 10 | 142 | 142.00 | 0 | 1 |
History - World History | 0 | 1 | 0 | 1 | 10 | 127 | 127.00 | 1 | 1 |
Fine Arts - Other Fine Arts | 0 | 0 | 1 | 0 | -5 | 0.00 | 0 | 0 |